000 01107nam a2200193Ia 4500
003 Ost
005 20260507075641.0
008 260507s9999||||xx |||||||||||||| ||und||
040 _cfsecg
041 _aara
082 _a310
100 _aالخواجة، مصطفى
_eمؤلف
245 0 _aمقدمة في الإحصاء /
_c مصطفى الخواجة
260 _aالإسكندرية:
_bالدار الجامعية,
_c2002
300 _a715 صفحة؛
_bإيضاحات ؛
_c24 سم
520 _aالطريقة الإحصائية- مقاييس النزعة المركزية- مقاييس التشتت- العزوم-الإحصاءات الحيوية- الإرتباط والإنحدار- المتغيرات العددية ذات الدلالة- تحليل السلاسل الزمنية- الأرقام القياسية- الإحتمالات- التوزيعات الإحتمالية- بعض التوزيعات الإحتمالية- التوزيع العيني- الإستدلال الإحصائي- نموذج الإنحدار الخطي البسيط
653 _aالإحصاء
942 _cكتاب
999 _c45411
_d45411